<?xml version="1.0" encoding="UTF-8"?>
<record
    xmlns:xsi="http://www.w3.org/2001/XMLSchema-instance"
    xsi:schemaLocation="http://www.loc.gov/MARC21/slim http://www.loc.gov/standards/marcxml/schema/MARC21slim.xsd"
    xmlns="http://www.loc.gov/MARC21/slim">

  <leader>02121pam a22003134a 4500</leader>
  <controlfield tag="001">4369182</controlfield>
  <controlfield tag="003">USPCAS-E</controlfield>
  <controlfield tag="005">20180118181414.0</controlfield>
  <controlfield tag="008">040108s2004    maua     b    001 0 eng  </controlfield>
  <datafield tag="010" ind1=" " ind2=" ">
    <subfield code="a">  2004041375</subfield>
  </datafield>
  <datafield tag="020" ind1=" " ind2=" ">
    <subfield code="a">1402076967</subfield>
  </datafield>
  <datafield tag="035" ind1=" " ind2=" ">
    <subfield code="a">(OCoLC)ocm54034732</subfield>
  </datafield>
  <datafield tag="035" ind1=" " ind2=" ">
    <subfield code="a">(NNC)4369182</subfield>
  </datafield>
  <datafield tag="040" ind1=" " ind2=" ">
    <subfield code="a">DLC</subfield>
    <subfield code="c">DLC</subfield>
    <subfield code="d">YDX</subfield>
    <subfield code="d">OrLoB-B</subfield>
  </datafield>
  <datafield tag="042" ind1=" " ind2=" ">
    <subfield code="a">pcc</subfield>
  </datafield>
  <datafield tag="050" ind1="0" ind2="0">
    <subfield code="a">TA418.7</subfield>
    <subfield code="b">.C42 2004</subfield>
  </datafield>
  <datafield tag="082" ind1="0" ind2="0">
    <subfield code="a">620.44</subfield>
    <subfield code="2">22</subfield>
    <subfield code="b">CHA-A 2004</subfield>
  </datafield>
  <datafield tag="100" ind1="1" ind2=" ">
    <subfield code="a">Chattopadhyay, Ramnarayan.</subfield>
  </datafield>
  <datafield tag="245" ind1="1" ind2="0">
    <subfield code="a">Advanced thermally assisted surface engineering processes /</subfield>
    <subfield code="c">by Ramnarayan Chattopadhyay.</subfield>
  </datafield>
  <datafield tag="260" ind1=" " ind2=" ">
    <subfield code="a">Boston :</subfield>
    <subfield code="b">Kluwer Academic,</subfield>
    <subfield code="c">c2004.</subfield>
  </datafield>
  <datafield tag="300" ind1=" " ind2=" ">
    <subfield code="a">xii, 374 p. :</subfield>
    <subfield code="b">ill. ;</subfield>
    <subfield code="c">25 cm.</subfield>
  </datafield>
  <datafield tag="502" ind1=" " ind2=" ">
    <subfield code="a">0</subfield>
  </datafield>
  <datafield tag="504" ind1=" " ind2=" ">
    <subfield code="a">Includes bibliographical references and index.</subfield>
  </datafield>
  <datafield tag="505" ind1="0" ind2="0">
    <subfield code="g">Ch. 1.</subfield>
    <subfield code="t">Wear, Surface, Heat and Surface Engineering -- </subfield>
    <subfield code="g">Ch. 2.</subfield>
    <subfield code="t">Plasma Assisted Thermal Processes -- </subfield>
    <subfield code="g">Ch. 3.</subfield>
    <subfield code="t">Ion Beam Processes -- </subfield>
    <subfield code="g">Ch. 4.</subfield>
    <subfield code="t">Electron Beam Processes -- </subfield>
    <subfield code="g">Ch. 5.</subfield>
    <subfield code="t">Microwave Assisted Surface Modification Processes -- </subfield>
    <subfield code="g">Ch. 6.</subfield>
    <subfield code="t">Laser Assisted Surface Engineering Processes -- </subfield>
    <subfield code="g">Ch. 7.</subfield>
    <subfield code="t">Solar Energy for Surface Modifications -- </subfield>
    <subfield code="g">Ch. 8.</subfield>
    <subfield code="t">Combustion Processes for Surface Modification -- </subfield>
    <subfield code="g">Ch. 9.</subfield>
    <subfield code="t">Friction Weld Surfacing -- </subfield>
    <subfield code="g">Ch. 10.</subfield>
    <subfield code="t">Induction Surface Modification Processes -- </subfield>
    <subfield code="g">Ch. 11.</subfield>
    <subfield code="t">Surfacing by Spark Deposition Processes -- </subfield>
    <subfield code="g">Ch. 12.</subfield>
    <subfield code="t">Arc Assisted Advanced Surface Engineering Processes -- </subfield>
    <subfield code="g">Ch. 13.</subfield>
    <subfield code="t">Hot Isostatic Press -- </subfield>
    <subfield code="g">Ch. 14.</subfield>
    <subfield code="t">Fluid Bed Processes -- </subfield>
    <subfield code="g">Ch. 15.</subfield>
    <subfield code="t">Polymeric Surfaces -- </subfield>
    <subfield code="g">Ch. 16.</subfield>
    <subfield code="t">Ceramic Surfaces -- </subfield>
    <subfield code="g">Ch. 17.</subfield>
    <subfield code="t">Diffused and CVD Coatings of Single and Multiple Elements -- </subfield>
    <subfield code="g">Ch. 18.</subfield>
    <subfield code="t">Miscellaneous Processes -- </subfield>
    <subfield code="g">Ch. 19.</subfield>
    <subfield code="t">Quality of the Engineered Surfaces -- </subfield>
    <subfield code="g">Ch. 20.</subfield>
    <subfield code="t">Prognostic and Life Cycle Extension.</subfield>
  </datafield>
  <datafield tag="520" ind1="1" ind2=" ">
    <subfield code="a">"Advanced Thermally Assisted Surface Engineering Processes has been structured to provide assistance and guidance to the engineers, researchers and students in choosing the right process from the galaxy of newer surface engineering techniques using advanced heat sources."--BOOK JACKET.</subfield>
  </datafield>
  <datafield tag="650" ind1=" " ind2="0">
    <subfield code="a">Surfaces (Technology)</subfield>
  </datafield>
  <datafield tag="900" ind1=" " ind2=" ">
    <subfield code="b">TOC</subfield>
  </datafield>
  <datafield tag="942" ind1=" " ind2=" ">
    <subfield code="2">ddc</subfield>
    <subfield code="c">BK</subfield>
  </datafield>
  <datafield tag="999" ind1=" " ind2=" ">
    <subfield code="c">355803</subfield>
    <subfield code="d">355803</subfield>
  </datafield>
  <datafield tag="952" ind1=" " ind2=" ">
    <subfield code="0">0</subfield>
    <subfield code="1">0</subfield>
    <subfield code="2">ddc</subfield>
    <subfield code="4">0</subfield>
    <subfield code="7">0</subfield>
    <subfield code="8">NFIC</subfield>
    <subfield code="a">CAS-E</subfield>
    <subfield code="b">CAS-E</subfield>
    <subfield code="c">DISPLAY</subfield>
    <subfield code="d">2015-12-23</subfield>
    <subfield code="e">Progressive </subfield>
    <subfield code="g">17801.00</subfield>
    <subfield code="l">0</subfield>
    <subfield code="o">620.44 CHA-A 2004</subfield>
    <subfield code="p">CAS-E0000922</subfield>
    <subfield code="r">2015-12-23</subfield>
    <subfield code="w">2015-12-23</subfield>
    <subfield code="y">BK</subfield>
  </datafield>
  <datafield tag="952" ind1=" " ind2=" ">
    <subfield code="0">0</subfield>
    <subfield code="1">0</subfield>
    <subfield code="2">ddc</subfield>
    <subfield code="4">0</subfield>
    <subfield code="7">0</subfield>
    <subfield code="8">NFIC</subfield>
    <subfield code="a">CAS-E</subfield>
    <subfield code="b">CAS-E</subfield>
    <subfield code="c">DISPLAY</subfield>
    <subfield code="d">2015-12-23</subfield>
    <subfield code="e">Progressive </subfield>
    <subfield code="g">17801.00</subfield>
    <subfield code="l">0</subfield>
    <subfield code="o">620.44 CHA-A 2004</subfield>
    <subfield code="p">CAS-E0000923</subfield>
    <subfield code="r">2015-12-23</subfield>
    <subfield code="t">C.2</subfield>
    <subfield code="w">2015-12-23</subfield>
    <subfield code="y">BK</subfield>
  </datafield>
</record>
